00233nam a2200085Ia 4500008004100000100002600041245002800067260004300095260000900138170620s9999 xx 000 0 und d aSharma- R. A. (Hindi) 0aShiksha Takniki (Hindi) bMeerut- International Publishing House c2007